Punjab Tenancy Act, 1887 (Record no. 540937)
[ view plain ]
| 000 -LEADER | |
|---|---|
| fixed length control field | 00345nam a22001217a 4500 |
| 082 ## - DEWEY DECIMAL CLASSIFICATION NUMBER | |
| Classification number | 346.545520434 HAS |
| 100 ## - MAIN ENTRY--PERSONAL NAME | |
| Personal name | Rana Sami-ul-Hassan |
| 245 ## - TITLE STATEMENT | |
| Title | Punjab Tenancy Act, 1887 |
| Statement of responsibility, etc. | Rana Sami-ul-Hassan |
| 260 ## - PUBLICATION, DISTRIBUTION, ETC. | |
| Place of publication, distribution, etc. | Lahore |
| Name of publisher, distributor, etc. | Irfan Law Book House |
| Date of publication, distribution, etc. | 2017 |
| 300 ## - PHYSICAL DESCRIPTION | |
| Extent | 192p |
| 942 ## - ADDED ENTRY ELEMENTS (KOHA) | |
| Source of classification or shelving scheme | |
| Koha item type | Book |
| Withdrawn status | Lost status | Source of classification or shelving scheme | Damaged status | Not for loan | Permanent Location | Current Location | Date acquired | Total Checkouts | Full call number | Barcode | Date last seen | Date last checked out | Price effective from | Koha item type |
|---|---|---|---|---|---|---|---|---|---|---|---|---|---|---|
| NUST Law School (NLS) | NUST Law School (NLS) | 11/12/2020 | 1 | 346.545520434 HAS | CL-426 | 05/20/2023 | 05/16/2023 | 11/12/2020 | Book |
